Rural development : theories of peasant economy and agrarian change /

Na minha lista:
Detalhes bibliográficos
Outros Autores: Harriss, John
Formato: Livro
Publicado em: London : Hutchinson, 1982.
Colecção:Hutchinson university library for Africa
Hutchinson university library
Assuntos:
Tags: Adicionar Tag
Sem tags, seja o primeiro a adicionar uma tag!

MARC

LEADER 00000cam a2200000 a 4500
020 |a 0091447909   |c TZS 1995 
040 |a MUL  |b eng  |e AACR 
082 0 0 |a 330.91724 RUR 
245 0 0 |a Rural development :  |b theories of peasant economy and agrarian change /  |c edited by John Harriss. 
260 |a London :  |b Hutchinson,  |c 1982. 
300 |a 409 p. :  |b ill. ;  |c 23 cm. 
440 0 |a Hutchinson university library for Africa 
440 0 |a Hutchinson university library 
504 |a Includes bibliographies and indexes. 
650 0 |a Rural development. 
650 0 |a Peasants  |z Developing countries. 
700 1 |a Harriss, John. 
942 |c BK 
999 |c 9466  |d 9466